Statistiken für Geboren in Sofia

Klicken Sie hier um das Quiz zu spielen!

Allgemein

  • Dieses Quiz wurde 4 mal gespielt
  • Das Durchschnittsergebnis liegt bei 2 aus 10

Antwortstatistiken

HinweisAntwort% Korrekt
früherer Fußballnationalspieler (Energie Cottbus, BVB und Luzern)1983Dimitar Rangelov
75%
Rekordtrainer der deutschen 3.Liga, Erzgebirge Aue1945Pavel Dotchev
75%
bulgarisch-kanadische Schauspielerin, "Vampire Diaries" "Vielleicht lieber morgen"1989Nina Dobrev
50%
König von Bulgarien von 1918 bis 19431894Boris III.
0%
bulgarische Fußballlegende, verstarb bei einem Autounfall1943Georgi Asparuchow
0%
deutscher Schriftsteller, "Der Weltensammler" "Die Welt ist groß und Rettung lauert überall"1965Ilija Trojanow
0%
Chemiker, "Vater der Kristallwachstumsforschung"1897Iwan Stranski
0%
frühere Tennisspielerin für Bulgarien und die Schweiz1967Manuela Maleeva
0%
Patriarch der Bulgarisch-Orthodoxen Kirche1945Neofit von Bulgarien
0%
israelischer Chemiker, bedeutend für die Erforschung des medizinischen Cannabis1930Raphael Mechoulam
0%

Verteilung der Resultate

Perzentil nach korrekt beantworteten Fragen

Anzahl Personen mit jedem Resultat

Ihre Resultats-Entwicklung

Sie haben dieses Quiz noch nicht gespielt